000 00738nam a2200253Ia 4500
005 20251020182505.0
008 200515s9999 xx 000 0 und d
020 _a84 - 291 - 1030 - 5
082 _a626.81/I84
100 _aHansen, Vaughn E.
100 _aIsraelsen, Orson W.
245 0 _aPrincipios y aplicación del riego : obra que comprende todas las fases del riego, desde las fuentes y alumbramiento del agua hasta el aspecto social y administrativo del regadío
250 _a2a ed.
260 _aBarcelona
260 _bREVERTÉ, S. A.
260 _c1975
300 _a396 p.
300 _bil., tbl., graf., fot.
500 _a1 ejemplar
650 _aAGUA
650 _aRIEGO
942 _cLIB
999 _c1253
_d1253